| 000 | 00640nam a2200217 4500 | ||
|---|---|---|---|
| 999 |
_c3801 _d3801 |
||
| 001 | 370360 | ||
| 003 | OSt | ||
| 005 | 20181122170147.0 | ||
| 008 | 720710s1972 miu b |000 0 eng | ||
| 010 | _a77183050 | ||
| 040 | _cDLC | ||
| 082 |
_a262 _bG517B |
||
| 092 |
_a262.001 _bG518B |
||
| 100 | 1 | _aGirard, Robert C | |
| 245 | 1 | 0 |
_aBrethren, hang loose; _bor, What's happening to my church? _c[by] Robert C. Girard. Introd. by Lawrence O. Richards |
| 260 |
_aGrand Rapids, Mich., _bZondervan Pub. House _c[1972] |
||
| 300 |
_a220 p. _c21 cm |
||
| 504 | _aIncludes bibliographical references | ||
| 650 | 0 | _aChurch renewal | |
| 942 |
_2ddc _cBK |
||